| 000 | 00683nam a22002177a 4500 | ||
|---|---|---|---|
| 999 |
_c9662 _d9662 |
||
| 003 | AR-CdUCM | ||
| 008 | 190328b ||||| |||| 00| 0 eng d | ||
| 040 |
_aMUNICIPALIDAD PROVINCIAL DEL CUSCO _cBIBLIOTECA MUNICIPAL DEL CUSCO |
||
| 082 |
_aC / 867.48 / _bR47A |
||
| 100 |
_aReyna, Ernesto _926014 |
||
| 245 | _aEl Amatua Atusparia / | ||
| 260 |
_aLima : _b"Frente" , _c1932. |
||
| 300 |
_a102 páginas ; _c17.4 cm. |
||
| 500 | _aContiene dedicatoria a Luis Nieto. | ||
| 650 |
_aRelatos Cortos Cusqueños _926015 |
||
| 650 |
_aLiteratura Cusqueña _97280 |
||
| 650 |
_aLiteratura Peruana _9132 |
||
| 650 |
_aLiteratura Latinoamericana _9799 |
||
| 942 |
_2ddc _cLIBROS |
||
| 945 | _artm | ||